000
00201 a2200097 4500
020
_a
9781418598907
041
_a
spa
100
_a
Margaret Wise Brown
245
_a
Buen dà•, buenas noches
942
_c
BK
999
_c
29214
_d
29212